Marketing research (Record no. 5016)

MARC details
000 -CABECERA
campo de control de longitud fija 02597pam a2200325 i 4500
001 - NÚMERO DE CONTROL
campo de control 8062457
003 - IDENTIFICADOR DEL NÚMERO DE CONTROL
campo de control CaAEU
005 - FECHA Y HORA DE LA ÚLTIMA TRANSACCIÓN
campo de control 20260512145936.0
008 - DATOS DE LONGITUD FIJA--INFORMACIÓN GENERAL
campo de control de longitud fija 170306t20172017enka b 001 0 eng
010 ## - NÚMERO DE CONTROL DE LA BIBLIOTECA DEL CONGRESO
Número de control de LC 2017007654
020 ## - NÚMERO INTERNACIONAL ESTÁNDAR DEL LIBRO
Número Internacional Estándar del Libro 9781292103129
035 ## - NÚMERO DE CONTROL DEL SISTEMA
Número de control de sistema ocn974912732
040 ## - FUENTE DE LA CATALOGACIÓN
Centro catalogador/agencia de origen DLC
Lengua de catalogación eng
Normas de descripción rda
Centro/agencia transcriptor DLC
Centro/agencia modificador OCLCO
-- OCLCF
-- YDX
-- TFW
-- UAB
-- AEU
042 ## - CÓDIGO DE AUTENTICACIÓN
Código de autenticación pcc
050 00 - SIGNATURA TOPOGRÁFICA DE LA BIBLIOTECA DEL CONGRESO
Número de clasificación HF5415.2
Número de documento/Ítem .M29 2017
100 ## - ENTRADA PRINCIPAL--NOMBRE DE PERSONA
Nombre de persona Malhotra, Naresh
Término indicativo de función/relación author.
9 (RLIN) 2313
245 10 - MENCIÓN DE TÍTULO
Título Marketing research
Resto del título : an applied approach
Mención de responsabilidad, etc. / Naresh K. Malhotra, Daniel Nunan, David F. Birks.
250 ## - MENCIÓN DE EDICIÓN
Mención de edición Fifth Edition.
264 #1 - PRODUCCIÓN, PUBLICACIÓN, DISTRIBUCIÓN, FABRICACIÓN Y COPYRIGHT
Producción, publicación, distribución, fabricación y copyright Harlow, England :
Nombre del de productor, editor, distribuidor, fabricante Pearson,
Fecha de producción, publicación, distribución, fabricación o copyright [2017]
264 #4 - PRODUCCIÓN, PUBLICACIÓN, DISTRIBUCIÓN, FABRICACIÓN Y COPYRIGHT
Fecha de producción, publicación, distribución, fabricación o copyright ©2017
300 ## - DESCRIPCIÓN FÍSICA
Extensión xvi, 957 pages :
Otras características físicas illustrations ;
Dimensiones 26 cm
504 ## - NOTA DE BIBLIOGRAFÍA, ETC.
Nota de bibliografía, etc. Includes bibliographical references and indexes.
505 0# - NOTA DE CONTENIDO CON FORMATO
Nota de contenido con formato Introduction to Marketing Research — Defining the Marketing Research Problem and Developing a Research Approach — Research Design — Secondary Data Collection and Analysis — Internal Secondary Data and Analytics — Qualitative Research: Its Nature and Approaches — Qualitative Research: Focus Group Discussions — Qualitative Research: In-Depth Interviewing and Projective Techniques — Qualitative Research: Data Analysis — Survey and Quantitative Observation Techniques — Causal Research Design: Experimentation — Measurement and Scaling: Fundamentals, Comparative and Non-Comparative Scaling — Questionnaire Design — Sampling: Design and Procedures — Sampling: Determining Sample Size — Survey Fieldwork — Social Media Research — Mobile Research — Data Integrity — Frequency Distribution, Cross-Tabulation and Hypothesis Testing — Analysis of Variance and Covariance — Correlation and Regression — Discriminant and Logit Analysis — Factor Analysis — Cluster Analysis — Multidimensional Scaling and Conjoint Analysis — Structural Equation Modelling and Path Analysis — Communicating Research Findings — Business-to-Business (B2B) Marketing Research — Research Ethics.
520 ## - SUMARIO, ETC.
Sumario, etc. This edition of Marketing Research: An Applied Approach forms a comprehensive, authoritative and thoroughly European introduction to applied marketing research and covers both quantitative and qualitative techniques in depth. Marketing Research: An Applied Approach is aimed at students studying marketing research at undergraduate and postgraduate level.
650 #0 - PUNTO DE ACCESO ADICIONAL DE MATERIA--TÉRMINO DE MATERIA
Término de materia o nombre geográfico como elemento de entrada Marketing research
9 (RLIN) 1465
650 #0 - PUNTO DE ACCESO ADICIONAL DE MATERIA--TÉRMINO DE MATERIA
Término de materia o nombre geográfico como elemento de entrada Marketing research
Subdivisión general Methodology
9 (RLIN) 8379
700 ## - ENTRADA AGREGADA--NOMBRE PERSONAL
Nombre de persona Nunan, Daniel
Término indicativo de función/relación author.
9 (RLIN) 26046
700 ## - ENTRADA AGREGADA--NOMBRE PERSONAL
Nombre de persona Birks, David F.
Término indicativo de función/relación author.
9 (RLIN) 21309
942 ## - ELEMENTOS DE ENTRADA AGREGADA (KOHA)
Fuente del sistema de clasificación o colocación Clasificación de Library of Congress
Holdings
Estado de retiro Estado de pérdida Fuente del sistema de clasificación o colocación Estado dañado No para préstamo Biblioteca de origen Biblioteca actual Fecha de adquisición Total de préstamos Signatura topográfica completa Fecha visto por última vez Número de copia Precio válido a partir de Tipo de ítem Koha Nota pública
    Clasificación de Library of Congress     TBS Barcelona TBS Barcelona 07/10/2025   HF5415.2 MAL 07/10/2025 1 07/10/2025 Book SOON AVAILABLE

Powered by Koha